Vodárne a kanalizácie: spomienky a budúcnosť. 2
Možnosti získavania pitnej vody, jej spracovanie a úlohy, ktoré vyplývajú pre budúcu štruktúru vodární a kanalizácií. Privatizačné kroky vzbudzujúce obavy o ďalší vývoj vodárenstva. Kolízia v zdrojoch vody a jej využití.
Enregistré dans:
| Auteur principal: | |
|---|---|
| Format: | Chapitre de livre |
| Langue: | slovaque |
| Sujets: | |
| Tags: |
Pas de tags, Soyez le premier à ajouter un tag!
|
MARC
| LEADER | 00000naa a2200000 4500 | ||
|---|---|---|---|
| 001 | r019756 | ||
| 005 | 20221213100023.2 | ||
| 041 | 0 | |a slo | |
| 044 | |a SK | ||
| 245 | 1 | 0 | |a Vodárne a kanalizácie: spomienky a budúcnosť. 2 |c F. Stein |
| 520 | |a Možnosti získavania pitnej vody, jej spracovanie a úlohy, ktoré vyplývajú pre budúcu štruktúru vodární a kanalizácií. Privatizačné kroky vzbudzujúce obavy o ďalší vývoj vodárenstva. Kolízia v zdrojoch vody a jej využití. | ||
| 610 | 2 | 0 | |a Slovensko |
| 610 | 2 | 0 | |a 1995 |
| 610 | 2 | 0 | |a vodohospodárstvo |
| 610 | 2 | 0 | |a vodárenstvo |
| 610 | 2 | 0 | |a Vodárne a kanalizácie, š.p. Bratislava |
| 610 | 2 | 0 | |a VaK |
| 610 | 2 | 0 | |a voda pitná |
| 610 | 2 | 0 | |a zdroje vodné |
| 610 | 2 | 0 | |a privatizácia |
| 100 | 1 | |a Stein, F. | |